10 Most Populous Countries in Oceania - Statistics

General Stats
  • This quiz has been taken 94 times
  • The average score is 10 of 10
Answer Stats
Rank Population Country % Correct
4 940 K Fiji
100%
1 26.6 mil Australia
99%
3 5.25 mil New Zealand
99%
2 10.4 mil Papua New Guinea
99%
5 748 K Solomon Islands
95%
10 108 K Tonga
95%
7 227 K Samoa
94%
6 338 K Vanuatu
91%
9 116 K Federated States of Micronesia
90%
8 135 K Kiribati
90%
No matching quizzes found
Score Distribution
Percent of People with Each Score
Percentile by Number Answered
Your Score History
You have not taken this quiz